| 000 | 02030 a2200193 4500 | ||
|---|---|---|---|
| 001 | 54003 | ||
| 005 | 20260407155810.0 | ||
| 008 | 260407a1960 arg spa d | ||
| 003 | AR-UNSa-BCEJYS | ||
| 040 |
_aAR-UNSa-BCEJYS _bspa _cAR-UNSa-BCEJYS |
||
| 080 |
_a94(82):33 _xHistoria Económica Argentina |
||
| 245 | 1 | 0 | _aArgentina potencia mundial |
| 264 | 1 |
_aBuenos Aires : _bEdiciones Arayú _c1960 |
|
| 300 |
_a222 p. _c20 cm. |
||
| 505 | _aPrimera parte (1960): El desafío-Argentina potencia mundial en potencia - I. La batalla del desarrollo debe darse en todos los frentes - II. Siderurgía-Prioridad número 1 - III. Caminos-Prioridad número 2 - IV. Transportes-Prioridad número 3 - V. Carbón-Prioridad número 4 - VI. Energía-Prioridad número 5 - VII. Petroquímica-Prioridad número 6 - VIII. Argentina potencia mundial-Prioridad nacional absoluta - IX. Recapitulación de las proridades que nos harán potencia mundial - X. Seis prioridades actuando sobre todo el país - Segunda parte (1985): El sueño-Argentina potencia mundial - I. 1985-Argentina potencia mundial - II. Argentina 1985: 65 millones de habitantes - III. Zona noroeste: Tucumán,Salta,La Rioja,Jujuy,Catamarca y Santiago del Estero - IV. Zona del Gran Chaco: Chaco y Formosa - V. Zona Litoral-Mesopotámica: Santa Fé,Entre Ríos,Corrientes y Misiones - VI. Zona Nuevo Cuyo: Mendoza,Neuquén,San Juan,San Luis y Córdoba - VII. Zona La Gran Pampa: Buenos Aires,La Pampa y Río Negro - VIII. Zona Patagonia: Provincias de Chubut y Santa Cruz y territorio nacional de Tierra del Fuego - IX. Tenemos todo para realizar la gran obra - X. Los caminos y las comunicaciones - XI. Petróleo - XII. Energía - XIII. Siderurgía - XIV. Minería - XV. Carbón - XVI. Sierra Grande - XVII. Ganadería - XVIII. Agricultura - XIX. Industrias - XX. Periodismo - XXI. 1985 Así será la Argentina - Tercera parte (1972-1985): La plenitud- Potencia mundial y gran mercado | ||
| 942 | _cBK | ||
| 590 | _aniveau_biblio:m niveau_hierar:0 | ||
| 100 | 1 | _aNoble, Roberto J. | |
| 999 |
_c5320 _d5320 |
||